Central Library OPAC University of Rajshahi

পূজা-পার্বণের উৎসকথা / (Record no. 40020)

MARC details
000 -LEADER
fixed length control field 00971nam a2200253 a 4500
001 - CONTROL NUMBER
control field 40020
003 - CONTROL NUMBER IDENTIFIER
rucl marc code BD-RjUL
005 - DATE AND TIME OF LATEST TRANSACTION
control field 20211209053123.0
008 - FIXED-LENGTH DATA ELEMENTS--GENERAL INFORMATION
fixed length control field 160421m20011984bg a|||| b||| 00| 0 ben d
020 ## - INTERNATIONAL STANDARD BOOK NUMBER
International Standard Book Number 8185471746
Terms of availability : IRs. 130.00
035 ## - SYSTEM CONTROL NUMBER
System control number (BD-RjUL)40135
040 ## - CATALOGING SOURCE
Original cataloging agency BD-RjUL
Language of cataloging ben
Transcribing agency BD-RjUL
Modifying agency BD-RjUL
041 ## - LANGUAGE CODE
Language code of text/sound track or separate title ben
082 ## - DEWEY DECIMAL CLASSIFICATION NUMBER
Edition number 23
Classification number 294.509
Author mark and year SEP 2001
100 ## - MAIN ENTRY--PERSONAL NAME
Personal name সেনগুপ্ত, পল্লব
9 (RLIN) 123262
245 10 - TITLE STATEMENT
Title পূজা-পার্বণের উৎসকথা /
Statement of responsibility, etc. পল্লব সেনগুপ্ত
250 ## - EDITION STATEMENT
Edition statement ৩য় সংস্করণ
260 ## - PUBLICATION, DISTRIBUTION, ETC. (IMPRINT)
Place of publication, distribution, etc. কলকাতা :
Name of publisher, distributor, etc. পুস্তক বিপনি,
Date of publication, distribution, etc. ২০০১.
300 ## - PHYSICAL DESCRIPTION
Pagination ২৮৮ পৃ. :
Illustrations চিত্র ;
Size ২২ সেমি.
504 ## - BIBLIOGRAPHY, ETC. NOTE
Bibliography, etc গ্রন্থপঞ্জি সংযুক্ত
650 ## - SUBJECT ADDED ENTRY--TOPICAL TERM
Topical term or geographic name as entry element হিন্দুধর্ম -- ইতিহাস
9 (RLIN) 123263
Topical term or geographic name as entry element Hinduism -- History
9 (RLIN) 123264
942 ## - ADDED ENTRY ELEMENTS (KOHA)
Source of classification or shelving scheme Dewey Decimal Classification
Koha item type Books
Holdings
Lost status Source of classification or shelving scheme Damaged status Not for loan Collection code Permanent Location Current Location Shelving location Date acquired Source of acquisition Cost, normal purchase price Total Checkouts Full call number Date last seen Date checked out Copy number Koha item type
  Dewey Decimal Classification     Non-fiction Central Library, University of Rajshahi Central Library, University of Rajshahi   17/01/2008 Paragon Enterprize, Dhaka. 130.00 1 B 294.509 SEP 2001 16/06/2022 07/06/2022 C-2 Books
  Dewey Decimal Classification     Non-fiction Central Library, University of Rajshahi Central Library, University of Rajshahi   17/01/2008 Paragon Enterprise, Dhaka 130.00 2 B 294.509 SEP 2001 31/10/2021 26/01/2020 C-3 Books
  Dewey Decimal Classification     Non-fiction Central Library, University of Rajshahi Central Library, University of Rajshahi   17/01/2008 Paragon Enterprise, Dhaka 130.00   B 294.509 SEP 2001 04/05/2016   C-4 Books
  Dewey Decimal Classification     Non-fiction Central Library, University of Rajshahi Central Library, University of Rajshahi   17/01/2008 Paragon Enterprise, Dhaka 130.00   B 294.509 SEP 2001 04/05/2016   C-5 Books
  Dewey Decimal Classification   Not For Loan Non-fiction Central Library, University of Rajshahi Central Library, University of Rajshahi Reading Room 17/01/2008 Paragon Enterprise Ltd.Dhaka. 130.00   B 294.509 SEP 2001 10/12/2016   C-1 Books